Text book of organic chemistry (Record no. 1738)

MARC details
000 -LEADER
fixed length control field 00308nam a2200133Ia 4500
008 - FIXED-LENGTH DATA ELEMENTS--GENERAL INFORMATION
fixed length control field 230312s9999||||xx |||||||||||||| ||und||
082 ## - DEWEY DECIMAL CLASSIFICATION NUMBER
Classification number 547
Item number BAH-A
100 ## - MAIN ENTRY--PERSONAL NAME
Personal name Bahl;Arun
245 #0 - TITLE STATEMENT
Title Text book of organic chemistry
260 ## - PUBLICATION, DISTRIBUTION, ETC.
Place of publication, distribution, etc. USA
300 ## - PHYSICAL DESCRIPTION
Extent 895
650 ## - SUBJECT ADDED ENTRY--TOPICAL TERM
Topical term or geographic name entry element Medical
Form subdivision organic chemistry
942 ## - ADDED ENTRY ELEMENTS (KOHA)
Koha item type BOOK
Holdings
Withdrawn status Lost status Source of classification or shelving scheme Damaged status Not for loan Home library Current library Date acquired Total Checkouts Full call number Barcode Date last seen Price effective from Koha item type
    Dewey Decimal Classification     Superior Information Resource Center (SIRC) Superior University- Central Library Superior Information Resource Center (SIRC) Superior University- Central Library 03/13/2023   547 BAH-A 1748 03/13/2023 03/13/2023 BOOK

Powered by Koha